| 000 | 01725cam a22004454a 4500 | ||
|---|---|---|---|
| 001 | 6385689 | ||
| 003 | OSt | ||
| 005 | 20180117085945.0 | ||
| 008 | 070122s2008 caua b 001 0 eng | ||
| 010 | _a 2007921464 | ||
| 020 | _a9780324585070 | ||
| 020 | _a0324585071 | ||
| 020 | _a0324585063 (student access kit) | ||
| 020 | _a9780324585063 (student access kit) | ||
| 020 | _a0324421621 (package) | ||
| 020 | _a9780324421620 (package) | ||
| 035 | _a(OCoLC)ocn180191611 | ||
| 035 | _a(NNC)6385689 | ||
| 035 | _a(OCoLC)180191611 | ||
| 040 |
_aDLC _cDLC _dYDXCP _dBAKER _dNNC |
||
| 050 | 0 | 0 |
_aHB172 _b.N49 2008 |
| 100 | 1 | _aNicholson, Walter. | |
| 245 | 1 | 0 |
_aMicroeconomic theory : _bbasic principles and extensions / _cWalter Nicholson, Christopher Snyder. |
| 250 | _a10th ed. | ||
| 260 |
_aBelmont, CA : _bThomson Business and Economics, _cc2008. |
||
| 300 |
_axxii, 740 p. : _bill. ; _c26 cm. + 1 student access kit. |
||
| 504 | _aIncludes bibliographical references and index. | ||
| 650 | 0 | _aMicroeconomics. | |
| 700 | 1 |
_aSnyder, Christopher _q(Christopher Mark) |
|
| 856 | 4 | 1 |
_3Table of contents _uhttp://www.loc.gov/catdir/toc/fy0802/2007921464.html |
| 942 |
_2ddc _cBK |
||
| 948 | 1 |
_a20080207 _bc _crad1 _dMPS |
|
| 948 | 2 |
_a20080207 _ba _crad1 _dMPS |
|
| 948 | 2 |
_a20080207 _ba _crad1 _dMPS |
|
| 948 | 2 |
_a20100930 _ba _crad1 _dMPS |
|
| 948 | 2 |
_a20100930 _ba _crad1 _dMPS |
|
| 999 |
_c345942 _d345942 |
||